000 00833nam a2200229Ii 4500
003 JO-AjNU
008 230605s9999||||xx |||||||||||||| ||und||
017 _a38725
020 _a9957-16-121-0
040 _aJO-AjNU
_bara
_erda
_cJO-AjNU
041 _aara
050 1 4 _aK845.E44.D37.2010
100 3 _aاعداد دودين ، بشار محمود ، اشراف المحاسنة ، محمد يحيى ,
_eauthor
_912244
245 0 0 _aالإطار القانوني للعقد المبرم عبر شبكة الإنترنت
250 _aط2
264 3 1 _aعمان : دار الثقافة ، 2010
300 _a288ص
336 _atext
_btxt
_2rdacontent
337 _aunmediated
_bn
_2rdamedia
338 _avolume
_bnc
_2rdacarrier
650 4 _aالقانون المدني -- الارشاد -- شبكات الانترنت
_912245
999 _aA2739
_c6307
_d6307